[Event "Titled Tuesday intern op 01st Aug Late"]
[Site "Chess.com INT"]
[Date "2023.08.01"]
[Round "1"]
[White "Kurmangaliyeva, Liya"]
[Black "Sala, Giulia"]
[Result "1-0"]
[WhiteElo "2250"]
[BlackElo "2011"]
[PlyCount "87"]
[EventDate "2023.08.01"]
[EventType "swiss (blitz)"]
[EventRounds "11"]
[EventCountry "USA"]
[SourceTitle "EXT 2024"]
[Source "ChessBase"]
[SourceDate "2023.10.10"]
[SourceVersion "1"]
[SourceVersionDate "2023.10.10"]
[SourceQuality "1"]

1. e4 g6 2. d4 Bg7 3. Nc3 d6 4. f4 Nf6 5. Nf3 0-0 6. Bd3 Na6 7. 0-0 c5 8. d5 Nc7 9. a4 a6 10. a5 Rb8 11. Nd2 b5 12. axb6 Rxb6 13. Nc4 Rb4 14. Na5 Bd7 15. Qf3 e6 16. dxe6 Bxe6 17. Nc6 Qa8 18. Nxb4 cxb4 19. Ne2 d5 20. e5 Nd7 21. Be3 Rc8 22. Nd4 Qb7 23. Nb3 h5 24. Qf2 Nb5 25. Nc5 Nxc5 26. Bxc5 Qc6 27. Bxb4 d4 28. Rae1 Qd5 29. Be7 Bh6 30. Qh4 Na7 31. f5 Be3+ 32. Rxe3 dxe3 33. fxe6 Qxe6 34. Bf6 Nc6 35. Qf4 Kf8 36. Qxe3 Ke8 37. Bxa6 Ra8 38. Bb5 Rb8 39. Qc5 Kd7 40. Rd1+ Kc7 41. Rd6 Qe8 42. Rxc6+ Kb7 43. Qb6+ Ka8 44. Qa6# 1-0